HARRY STYLES TRIVIA - Statistics

General Stats
  • This quiz has been taken 1,005 times
  • The average score is 10 of 15
Answer Stats
Hint Answer % Correct
Harry's eye color? Green
90%
what year his first solo album released? 2017
86%
Do we agree that pilgrim Harry is a bit strange? yes
80%
Is Harry Styles Perfect? yes
80%
With who did he cover the song "Juice" with? Lizzo
77%
What clothing brand does Harry mostly wear? Gucci
75%
What movie was Harry in about War? Dunkirk
74%
First band Harry was in? White Eskimo
70%
Zodiac Sign? Aquarius
63%
First Song on The Fine Line album? Golden
63%
Harry Styles Footsize? 10
58%
What Month is Harry Starting "Love on Tour" August
54%
When is Harry Styles Birthday? February 1st
50%
Favorite Color? Black
38%
Harry Styles Moms name? Anna
26%
No matching quizzes found
Score Distribution
Percent of People with Each Score
Percentile by Number Answered
Your Score History
You have not taken this quiz